000 00914nam a2200241 a 4500
001 BRCA_8443
005 20190320210300.0
008 111115s19uu----fr-a######---#000-0#fre-#
041 _afre
044 _afr
050 4 _aTT779
_b.D55 1909
100 1 _aDillmont, Thérèse de
_d1846-1890
_921138
245 1 0 _aLes Dentelles aux Fuseaux
_b1re série : patrons nos 1-55 pour l´exécution des dentelles
_c[Thérèse de Dillmont].
260 _a[Mulhouse
_bTh. de Dillmont
_c1909]
300 _a55 patrones (hojas plegables sueltas)
_bil.
_c23 cm.
440 0 _aBibliothèque D.M.C
_96101
500 _aOriginalmente este material se compone de 1 libro de 176 p. con 55 patrones, la persona que lo dono solo entrego los 55 patrones
500 _aEstado físico: encuadernado, enero 2016
650 1 4 _aPatrones de encaje
_921139
650 1 4 _aConfección
_921140
653 0 _aEncaje de bolillos
942 _2lcc
_cB
999 _c8110
_d8110